[Event "ADCF Masters"]
[Site "Abu Dhabi UAE"]
[Date "2003.08.24"]
[Round "8"]
[White "Sale,S"]
[Black "Ionov,S"]
[Result "1/2-1/2"]
[WhiteElo "2420"]
[BlackElo "2556"]

1.d4 Nf6 2.Nf3 e6 3.c4 b6 4.g3 Ba6 5.Nbd2 c5 6.Bg2 Nc6 7.Ne5 Nxd4 8.Bxa8 Qxa8
9.O-O Bd6 10.Nef3 Nf5 11.Re1 Bb7 12.Qc2 Ne4 13.Nxe4 Bxe4 14.Qc3 Be7 15.Bf4 d5
16.cxd5 exd5 17.g4 d4 18.Qa3 Nh4 19.Nxh4 Bxh4 20.b4 Be7 21.bxc5 Bxc5 22.Qg3 Qd5
23.Rad1 O-O 24.h3 Re8 25.Qb3 Qc6 26.Kh2 Qf6 27.Bg3 Ba8 28.Qb2 h5 29.gxh5 Qf5
30.Rxd4 Bxd4 31.Qxd4 Qxh5 32.e3 Qf3 33.Rg1 Be4 34.Qd1 Qf5 35.Qg4 Qxg4 36.hxg4 Rc8
37.a3 Rc3 38.Bd6 Rd3 39.Be7 f6 40.Rc1 Rd7  1/2-1/2

[Event "ADCF Masters"]
[Site "Abu Dhabi UAE"]
[Date "2003.08.24"]
[Round "8"]
[White "Sargissian,G"]
[Black "Jobava,Ba"]
[Result "1-0"]
[WhiteElo "2600"]
[BlackElo "2596"]

1.d4 Nf6 2.c4 e6 3.Nf3 b6 4.g3 Ba6 5.Qb3 Be7 6.Nc3 Bb7 7.Bg2 Nc6 8.O-O Na5
9.Qa4 Ne4 10.Nxe4 Bxe4 11.Ne5 Bxg2 12.Kxg2 O-O 13.Nxd7 Re8 14.c5 c6 15.Ne5 bxc5
16.dxc5 Qd5+ 17.Nf3 Nb7 18.Be3 Nxc5 19.Qc2 Na6 20.a3 c5 21.Kg1 Red8 22.Rfd1 Qb7
23.Rxd8+ Rxd8 24.Rd1 Rxd1+ 25.Qxd1 Qb5 26.b3 Nc7 27.a4 Qe8 28.Qc1 Qc6 29.Ne5 Qd5
30.Nd3 Na6 31.Qc3 f6 32.Nf4 Qd1+ 33.Kg2 Qd6 34.Nd3 Qd5+ 35.f3 e5 36.Bf2 Kf8
37.e4 Qc6 38.Qc4 Qd6 39.Be3 Qc6 40.Kf2 Qd6 41.Ke2 Qc6 42.f4 exf4 43.gxf4 Ke8
44.f5 Kd7 45.e5 g6 46.exf6 Qxf6 47.fxg6 hxg6 48.Qd5+ Kc7 49.Bf4+ Kb6 50.Ne5 Ka5
51.Nc4+ Kb4 52.Bd2+ Kxb3 53.Na5+ Kb2 54.Qb3+  1-0

[Event "Open"]
[Site "Vienna AUT"]
[Date "2003.08.24"]
[Round "9"]
[White "Beckhuis,G"]
[Black "Lenz,A"]
[Result "1-0"]
[WhiteElo "2320"]
[BlackElo "2189"]

1.d4 Nf6 2.c4 e6 3.Nf3 b6 4.g3 Ba6 5.b3 d5 6.Bg2 Bb4+ 7.Bd2 Bxd2+ 8.Nbxd2 O-O
9.Ne5 c5 10.dxc5 bxc5 11.Qc2 Qe7 12.O-O Bb7 13.Rfe1 Na6 14.Qb2 Ne4 15.cxd5 exd5
16.Nxe4 dxe4 17.Rad1 Rad8 18.Nc4 Nb4 19.Ne3 Nc6 20.Nf5 Qe5 21.Qxe5 Nxe5 22.Nd6 Ba6
23.Bxe4 c4 24.f4 Ng4 25.Nxc4 Bxc4 26.bxc4 Ne3 27.Rxd8 Rxd8 28.c5 f5 29.Bf3 Nc2
30.Rc1 Nd4 31.Kf2 Nxf3 32.Kxf3 Rc8 33.c6 Kf7 34.c7 Ke6 35.Ke3 Kd7 36.Kd4 g6
37.h4 a6 38.h5 gxh5 39.Ke5  1-0

[Event "ch-ISL"]
[Site "Hafnarborg ISL"]
[Date "2003.08.27"]
[Round "4"]
[White "Stefansson,H"]
[Black "Kristjansson,S"]
[Result "1-0"]
[WhiteElo "2560"]
[BlackElo "2404"]

1.d4 Nf6 2.c4 e6 3.Nf3 b6 4.g3 Ba6 5.b3 Bb4+ 6.Bd2 Be7 7.Bg2 c6 8.O-O d5
9.Qc2 O-O 10.Rd1 Nbd7 11.Bf4 c5 12.Nc3 cxd4 13.Nxd4 Rc8 14.cxd5 Nxd5 15.Bxd5 exd5
16.Qb2 Nc5 17.Be5 Nd7 18.Bf4 Nc5 19.b4 Ne6 20.Be5 Nxd4 21.Rxd4 f6 22.Bf4 Rc4
23.Rad1 Rxd4 24.Rxd4 g5 25.Rxd5 Qe8 26.Bd6 Bb7 27.Rd4 Bxd6 28.Rxd6 Qe5 29.Rd7 Bc6
30.Qb3+ Kh8 31.Rxa7 b5 32.Qc2 f5 33.Qd3 Qf6 34.Rc7  1-0

[Event "Acropolis WGM"]
[Site "Athens GRE"]
[Date "2003.08.28"]
[Round "4"]
[White "Khusnutdinova,L"]
[Black "Kasioura,F"]
[Result "1/2-1/2"]
[WhiteElo "2309"]
[BlackElo "2007"]

1.d4 Nf6 2.Nf3 e6 3.c4 b6 4.g3 Ba6 5.b3 Bb4+ 6.Bd2 Be7 7.Nc3 Bb7 8.Bg2 Ne4
9.O-O f5 10.Rc1 O-O 11.d5 Bf6 12.e3 Nc5 13.Qe2 a5 14.Nd4 c6 15.Rfd1 Qe8 16.Be1 g6
17.dxc6 dxc6 18.e4 e5 19.Nf3 Nba6 20.Rc2 f4 21.gxf4 exf4 22.e5 Bg7 23.Rcd2 Qe7
24.Rd6 Rae8 25.e6 Nb8 26.Bh3 Bc8 27.Na4 Bxe6 28.Bxe6+ Nxe6 29.Nxb6 Ng5 30.Qxe7 Nxf3+
31.Kg2 Rxe7 32.Kxf3 g5 33.Rd8 Ree8 34.Rxe8 Rxe8 35.Bxa5 h5 36.h3 Kf7 37.c5 Kg6
38.Nc4 Na6 39.Nd6 Re6 40.b4 Bc3 41.Ne4 Bxb4 42.Bxb4 Nxb4 43.Rd6 Kf5 44.Rxe6 g4+
45.hxg4+ hxg4+ 46.Ke2 Kxe6 47.a3 Na6 48.a4 Ke5 49.Nd2 Nxc5 50.a5 Na6 51.Kd3 Kd5
52.Nc4 Nb4+ 53.Kc3 c5 54.Nd2 g3 55.fxg3 fxg3 56.Nf1 Kc6 57.Nxg3 Kb5 58.Ne4 Nd5+
59.Kc2 Kxa5 60.Nxc5  1/2-1/2

[Event "European GP"]
[Site "Izmir TUR"]
[Date "2003.08.28"]
[Round "4"]
[White "Topel,Z"]
[Black "Ulker,A"]
[Result "1-0"]
[WhiteElo "2045"]
[BlackElo "2262"]

1.d4 Nf6 2.Nf3 e6 3.c4 b6 4.g3 Ba6 5.Nbd2 c5 6.Bg2 Bb7 7.e4 d6 8.O-O Be7
9.Qc2 Qc7 10.d5 e5 11.Ne1 O-O 12.f4 Nbd7 13.Ndf3 Ne8 14.f5 Qd8 15.g4 Nc7
16.Kh1 b5 17.b3 a5 18.Rg1 a4 19.Rb1 axb3 20.axb3 Ba6 21.Bf1 Rb8 22.g5 Kh8
23.Ra1 Qc8 24.Qg2 Nb6 25.Qh3 g6 26.Qh6 Re8 27.Rg3 Bf8 28.Qh4 Qd8 29.Rh3 h5
30.Be2 Kg8 31.Nd2 Bg7 32.f6 Bc8 33.Rg3 bxc4 34.bxc4 Nbxd5 35.cxd5 Nxd5 36.exd5 Rb4
37.Nc4 Bb7 38.Qe4 Bxf6 39.gxf6 Qxf6 40.Bd2 Qe6 41.dxe6 Bxe4+ 42.Kg1 Rxe6
43.Bxb4 cxb4 44.Bf3 d5 45.Bxe4 dxc4  1-0

[Event "Open"]
[Site "Sharjah UAE"]
[Date "2003.08.28"]
[Round "2"]
[White "Humaid,A"]
[Black "Mchedlishvili,M"]
[Result "0-1"]
[WhiteElo "1990"]
[BlackElo "2566"]

1.d4 Nf6 2.c4 e6 3.Nf3 b6 4.g3 Ba6 5.Qc2 c5 6.Bg2 Nc6 7.Be3 Rc8 8.dxc5 bxc5
9.O-O Be7 10.Rd1 O-O 11.Na3 Qb6 12.Bg5 d5 13.Rab1 h6 14.Bf4 Rfd8 15.Ne5 Nb4
16.Qb3 Bd6 17.Nd3 Nxd3 18.Qxb6 axb6 19.exd3 Bxf4 20.gxf4 Rd6 21.b4 cxb4 22.Nb5 Rd7
23.Rdc1 Bxb5 24.cxb5 Rxc1+ 25.Rxc1 Ra7 26.Rb1 Rxa2 27.Rxb4 g6 28.Bf3 Ra3
29.Be2 Nd7 30.Rb2 Nc5 31.d4 Ne4 32.Rc2 Nc3 33.Kf1 Rb3  0-1

[Event "1st League TCh-SCG"]
[Site "Budva SCG"]
[Date "2003.08.30"]
[Round "2"]
[White "Stojanovic,Mih"]
[Black "Podlesnik,B"]
[Result "1-0"]
[WhiteElo "2488"]
[BlackElo "2367"]

1.d4 Nf6 2.c4 e6 3.Nf3 b6 4.g3 Ba6 5.b3 d5 6.Bg2 dxc4 7.Ne5 Bb4+ 8.Kf1 Bd6
9.Nxc4 Nd5 10.e4 Ne7 11.Bb2 Nbc6 12.Nd2 b5 13.Nxd6+ cxd6 14.d5 Ne5 15.dxe6 fxe6
16.Nf3 N7c6 17.Bh3 Qe7 18.Nxe5 dxe5 19.Rc1 Rd8 20.Qe2 Qd6 21.Qh5+ g6 22.Qg4 Kf7
23.Qxe6+ Qxe6 24.Bxe6+ Kxe6 25.Rxc6+ Rd6 26.Rxd6+ Kxd6 27.f4 Rc8 28.Bxe5+ Ke6
29.Ke2 Rc2+ 30.Ke3 Rxa2 31.Ra1 Rxa1 32.Bxa1 Bb7 33.b4 h5 34.h3 Bc8 35.g4 hxg4
36.hxg4 a6 37.f5+ Kf7 38.Kf4 Bb7 39.Bd4 Bc6 40.Bb6 Bb7 41.e5 gxf5 42.gxf5 Bd5
43.Bd8 Ke8 44.Bh4 Kd7 45.Kg5 Bc4 46.Kf6 Bd3 47.e6+ Ke8 48.Ke5 a5 49.f6  1-0

[Event "1st League TCh-SCG"]
[Site "Budva SCG"]
[Date "2003.09.03"]
[Round "6"]
[White "Neverov,V"]
[Black "Hracek,Z"]
[Result "1/2-1/2"]
[WhiteElo "2566"]
[BlackElo "2584"]

1.Nf3 Nf6 2.d4 e6 3.c4 b6 4.g3 Ba6 5.b3 Bb4+ 6.Bd2 Be7 7.Bg2 c6 8.Bc3 d5
9.Nbd2 Nbd7 10.O-O O-O 11.Re1 Bb7 12.e4 Nxe4 13.Nxe4 dxe4 14.Rxe4 c5 15.Re3 Nf6
16.Rd3 cxd4 17.Nxd4  1/2-1/2

[Event "56th ch-RUS"]
[Site "Krasnoyarsk RUS"]
[Date "2003.09.04"]
[Round "2"]
[White "Lependin,A"]
[Black "Sorokin,M"]
[Result "1/2-1/2"]
[WhiteElo "2393"]
[BlackElo "2560"]

1.d4 Nf6 2.Nf3 e6 3.c4 b6 4.g3 Ba6 5.b3 b5 6.Bg2 bxc4 7.Ne5 Bb4+ 8.Bd2 cxb3
9.axb3 Bxd2+ 10.Nxd2 c6 11.Ndc4 O-O 12.O-O Qc7 13.Qd2 d5 14.Na5 Bb5 15.Rfc1 Nfd7
16.Nxd7 Nxd7 17.e4 Qb6 18.Nc4 Qb8 19.Na5 Rc8 20.Rc2 Nf6 21.e5 Nd7 22.b4 Qb6  1/2-1/2

[Event "1st League TCh-SCG"]
[Site "Budva SCG"]
[Date "2003.09.05"]
[Round "7"]
[White "Tosic,M"]
[Black "Kovacevic,A"]
[Result "1-0"]
[WhiteElo "2447"]
[BlackElo "2539"]

1.d4 Nf6 2.c4 e6 3.Nf3 b6 4.g3 Ba6 5.b3 Bb7 6.Bg2 Bb4+ 7.Bd2 a5 8.O-O O-O
9.Qc2 d6 10.a3 Bxd2 11.Nbxd2 Nbd7 12.Rfd1 Qe7 13.e4 e5 14.d5 c5 15.dxc6 Bxc6
16.b4 axb4 17.axb4 Rxa1 18.Rxa1 Ra8 19.Rxa8+ Bxa8 20.Qa4 Qd8 21.Ne1 Bb7 22.Nc2 Qa8
23.Qxa8+ Bxa8 24.Ne3 Kf8 25.Bh3 Nb8 26.f3 Na6 27.Nc2 Nc7 28.b5 Ke7 29.Nb4 Bb7
30.Nb1 Ne6 31.Nc3 Nc5 32.Kf2 Kd8 33.Ke3 Kc7 34.Bf5 g6 35.Bh3 h6 36.Kd2 Nb3+
37.Kd3 Nc5+ 38.Kc2 Kd8 39.Nd1 Kc7 40.Ne3 Na4 41.Nd3 Nc5 42.Nb4 Na4 43.Ng4 Nxg4
44.Bxg4 Nc5 45.h4 Kd8 46.h5 Ke7 47.Kc3 f5 48.exf5 gxf5 49.Bxf5 Bxf3 50.Kd2 Kf6
51.Bg6 Kg5 52.Ke3 Bxh5 53.Bxh5 Kxh5 54.Nd5 Kg4 55.Kf2 Nd3+ 56.Kg2 e4 57.Ne3+ Kg5
58.Nd5 Kf5 59.Nxb6 Ne5 60.Kf2 Nd3+ 61.Ke3 Nc5 62.Nd5 Ke5 63.b6 Nb7 64.Ne7 Na5
65.Ke2 h5 66.Nd5 Kf5 67.Ne3+ Ke5 68.Nc2  1-0

[Event "V Open"]
[Site "Sants ESP"]
[Date "2003.09.05"]
[Round "7"]
[White "Panelo,M"]
[Black "Llaneza Vega,M"]
[Result "1/2-1/2"]
[WhiteElo "2335"]
[BlackElo "2247"]

1.Nf3 Nf6 2.c4 e6 3.d4 b6 4.g3 Ba6 5.Qa4 Bb7 6.Bg2 c5 7.dxc5 Bxc5 8.O-O O-O
9.Nc3 Na6 10.Bf4 Be7 11.Rfd1 Nc5 12.Qc2 Qc8 13.Rac1 Rd8 14.Nb5 Nce4 15.h3 d6
16.Nd2 Nxd2 17.Bxb7 Qxb7 18.Rxd2 Ne4 19.Rd4 f5 20.Rdd1 e5 21.Be3 Rf8 22.Rd5 Rac8
23.Rcd1 a6 24.Nc3 Rxc4 25.Qb3 Nxc3 26.bxc3 b5 27.a4 Rb8 28.axb5 axb5 29.h4 Kh8
30.Qb1 Qc8 31.Rxb5 Rxb5 32.Qxb5 Rxc3 33.Ra1 Qf8 34.Qd7 Rc8 35.Ra7 Re8 36.Bc1 f4
37.gxf4 Bxh4 38.Ba3 Rd8 39.Qg4 Bf6 40.f5 Qe8 41.Bc1 Ra8 42.Rxa8 Qxa8 43.Qc4 Qg8
44.Qc7 d5 45.Qc6 d4 46.f3 h5 47.Kg2 Qf7 48.Kh3 Kh7 49.Bd2 Qg8 50.Qd7 h4 51.Be1  1/2-1/2

[Event "1st League TCh-SCG"]
[Site "Budva SCG"]
[Date "2003.09.06"]
[Round "8"]
[White "Ilincic,Z"]
[Black "Zivanic,M"]
[Result "1-0"]
[WhiteElo "2557"]
[BlackElo "2415"]

1.d4 Nf6 2.c4 e6 3.Nf3 b6 4.g3 Ba6 5.Qa4 Bb7 6.Bg2 c5 7.O-O Be7 8.Nc3 O-O
9.Rd1 cxd4 10.Nxd4 Bxg2 11.Kxg2 Qc7 12.Bf4 Qb7+ 13.Nf3 Nc6 14.Rac1 a6 15.a3 Rac8
16.Kg1 Na5 17.c5 Nc6 18.cxb6 Qxb6 19.Rc2 d5 20.Rdc1 Na7 21.Be3 Qb7 22.Bxa7 Rc4
23.b4 Qxa7 24.Ne5 Ng4 25.Nxg4 Rxg4 26.Nxd5 Bg5 27.Rc7 Qb8 28.Ne7+ Kh8 29.e3 Bxe7
30.Rxe7 Qd6 31.Rd7 Qe5 32.Rxf7  1-0

[Event "1st League TCh-SCG"]
[Site "Budva SCG"]
[Date "2003.09.07"]
[Round "9"]
[White "Zivanic,M"]
[Black "Abramovic,B"]
[Result "1/2-1/2"]
[WhiteElo "2415"]
[BlackElo "2474"]

1.d4 Nf6 2.c4 e6 3.Nf3 b6 4.g3 Ba6 5.Nbd2 d5 6.Bg2 Bd6 7.O-O O-O 8.Qc2 Nbd7
9.e4 dxe4 10.Ng5 Rb8 11.Ndxe4 h6 12.Nxf6+ Nxf6 13.Nf3 Bb7 14.b3 c5 15.Bb2 Qe7
16.Rfe1 cxd4 17.Nxd4 Bxg2 18.Nf5 Qd8 19.Nxd6 Ba8 20.Rad1 Qe7 21.Qe2 Rfd8
22.Be5 Ne8 23.Ne4 f6 24.Bb2 Nc7 25.f3 e5 26.Rxd8+ Rxd8 27.Rd1 Ne6 28.Rxd8+ Qxd8
29.Bc3 Nd4 30.Qd3 Ne6 31.Qe2 Qd7 32.Qd2 Qc6 33.Qd3 f5 34.Nd2 e4 35.fxe4 fxe4
36.Qe3 Kh7 37.a4 Qc8 38.a5 Qc6 39.axb6 axb6 40.b4 b5 41.cxb5 Qxb5 42.Nb3 Qd5
43.Nd4 Ng5 44.h4 Nf7 45.Ne2 Ne5 46.Bxe5 Qxe5 47.Nc3 Kg6 48.b5 Kf7 49.b6 Bc6
50.Ne2 Qb5 51.Kf2 Bb7 52.g4  1/2-1/2

[Event "1st League TCh-SCG"]
[Site "Budva SCG"]
[Date "2003.09.08"]
[Round "10"]
[White "Markus,R"]
[Black "Civric,Z"]
[Result "1-0"]
[WhiteElo "2500"]
[BlackElo "2186"]

1.d4 Nf6 2.c4 e6 3.Nf3 b6 4.g3 Ba6 5.b3 Bb4+ 6.Bd2 Bxd2+ 7.Qxd2 Bb7 8.Bg2 O-O
9.O-O d6 10.Rd1 Nbd7 11.Qc2 Qe7 12.Nc3 c5 13.e4 cxd4 14.Nxd4 a6 15.f4 Rab8
16.Qe2 Rfc8 17.Rd3 Nc5 18.Rd2 Qc7 19.Rad1 b5 20.cxb5 Qa5 21.bxa6 Bxa6 22.Qe3 Ng4
23.Qf3 h5 24.h3 Nf6 25.e5 Ncd7 26.Nde2 Bb7 27.Qe3 Bxg2 28.Kxg2 dxe5 29.Rxd7 exf4
30.Qxf4 Rb4 31.Rd8+ Kh7 32.R8d4 Qa8+ 33.Qf3 Qb8 34.Qd3+ g6 35.Qf3 Rxd4 36.Rxd4 e5
37.Rc4 Rxc4 38.bxc4 Kg7 39.c5 Qb4 40.Qxf6+  1-0

[Event "1st League TCh-SCG"]
[Site "Budva SCG"]
[Date "2003.09.08"]
[Round "10"]
[White "Rajkovic,Du"]
[Black "Istratescu,A"]
[Result "1/2-1/2"]
[WhiteElo "2456"]
[BlackElo "2586"]

1.d4 e6 2.c4 Nf6 3.Nf3 b6 4.g3 Ba6 5.Nbd2 Bb7 6.Bg2 d5 7.O-O Be7 8.cxd5 exd5
9.Qa4+ c6 10.Ne5 O-O 11.e4 c5 12.exd5 Bxd5 13.Ndf3 Qe8 14.Qxe8 Rxe8 15.Bg5 Nc6
16.dxc5 Nxe5 17.Nxe5 Bxg2 18.Kxg2 h6 19.Be3 Nd5 20.cxb6 Nxe3+ 21.fxe3 axb6
22.a4 Bc5 23.Nc4 Bxe3 24.Nxe3 Rxe3 25.Rf3  1/2-1/2

[Event "56th ch-RUS"]
[Site "Krasnoyarsk RUS"]
[Date "2003.09.09"]
[Round "6"]
[White "Obukhov,A"]
[Black "Ionov,S"]
[Result "1/2-1/2"]
[WhiteElo "2487"]
[BlackElo "2556"]

1.d4 Nf6 2.c4 e6 3.Nf3 b6 4.g3 Ba6 5.Qb3 c6 6.Bg5 Be7 7.Nbd2 d5 8.cxd5 cxd5
9.e3 Qc8 10.Qa4+ Qd7 11.Qxd7+ Nfxd7 12.Bxe7 Kxe7 13.Rc1 Rc8 14.Rxc8 Bxc8
15.a3 Ba6 16.Bxa6 Nxa6 17.Ke2 Rc8 18.Rb1 f6 19.Ne1 Nab8 20.Nd3 Kd6 21.f4 Nc6
22.Rc1 Rc7 23.b4 e5 24.dxe5+ fxe5 25.Nb3 a6 26.Rd1 Nf6 27.Nf2 Re7 28.Kf3 exf4
29.gxf4 g6  1/2-1/2

[Event "TCh-CRO"]
[Site "Rabac CRO"]
[Date "2003.09.09"]
[Round "3"]
[White "Gyimesi,Z"]
[Black "Palac,M"]
[Result "1/2-1/2"]
[WhiteElo "2553"]
[BlackElo "2561"]

1.d4 Nf6 2.c4 e6 3.Nf3 b6 4.g3 Ba6 5.Qa4 Bb7 6.Bg2 c5 7.dxc5 Bxc5 8.O-O O-O
9.Nc3 Be7 10.Bf4 Na6 11.Rfd1 Nc5 12.Qc2 Qc8 13.Rac1 Nce4 14.Nd4 Nxc3 15.Qxc3 a6
16.Qb3 Bxg2 17.Kxg2 Qb7+ 18.Qf3 Ra7 19.Qxb7 Rxb7 20.f3 Rc8 21.e4 d6 22.Ne2 Rc6
23.Nd4 Rc8 24.Ne2 Rc6  1/2-1/2

[Event "TCh-CRO"]
[Site "Rabac CRO"]
[Date "2003.09.14"]
[Round "8"]
[White "Shariyazdanov,A"]
[Black "Hracek,Z"]
[Result "1-0"]
[WhiteElo "2565"]
[BlackElo "2584"]

1.Nf3 Nf6 2.c4 b6 3.d4 e6 4.g3 Ba6 5.b3 Bb4+ 6.Bd2 Be7 7.Bg2 c6 8.Bc3 d5
9.Nbd2 Nbd7 10.O-O O-O 11.Re1 Bb7 12.e4 Nxe4 13.Nxe4 dxe4 14.Rxe4 c5 15.Re3 Nf6
16.Ne5 cxd4 17.Bxd4 Qc7 18.Bxb7 Qxb7 19.Qf3 Qxf3 20.Rxf3 Rac8 21.Rd1 Rfd8
22.Rfd3 Kf8 23.b4 Ke8 24.b5 Rd6 25.Nc6 Rcxc6 26.bxc6 Rxc6 27.Bxf6 Bxf6 28.Rd7 Rxc4
29.Rxa7 Bd4 30.Rd3 b5 31.Rb7 b4 32.Rb3 Bc5 33.Rf3 Be7 34.Rd3 f5 35.Rdd7 Bf6
36.Rd6 Re4 37.Ra6  1-0

[Event "FSGM September"]
[Site "Budapest HUN"]
[Date "2003.09.17"]
[Round "12"]
[White "Bui Vinh"]
[Black "Timoshenko,G"]
[Result "1/2-1/2"]
[WhiteElo "2469"]
[BlackElo "2548"]

1.d4 Nf6 2.c4 e6 3.Nf3 b6 4.g3 Ba6 5.b3 b5 6.Bg2 bxc4 7.Nfd2 Nc6 8.Nxc4 d5
9.O-O Be7 10.Bb2 O-O 11.Ne3 Nb8 12.Qc2 Nbd7 13.b4 Qb8 14.a3 Bb7 15.Nd2 a5
16.Bc3 axb4 17.axb4 Ba6 18.Bf3 Bb5 19.Rxa8 Qxa8 20.Ra1 Qc6 21.Nb3 Rb8 22.Nc5 Nxc5
23.bxc5 Ra8 24.Rxa8+ Qxa8 25.Qb2  1/2-1/2

[Event "GRE-GEO Match m"]
[Site "Athens GRE"]
[Date "2003.09.22"]
[Round "4"]
[White "Nikolaidis,I"]
[Black "Izoria,Z"]
[Result "1/2-1/2"]
[WhiteElo "2478"]
[BlackElo "2541"]

1.d4 Nf6 2.Nf3 e6 3.c4 b6 4.g3 Ba6 5.b3 Bb4+ 6.Bd2 Be7 7.Bg2 c6 8.Bc3 d5
9.Ne5 Nfd7 10.Nxd7 Nxd7 11.Nd2 O-O 12.O-O Rc8 13.Bb2 Nf6 14.e4 c5 15.exd5 exd5
16.Rc1 cxd4 17.Bxd4  1/2-1/2

[Event "ch-HUN w"]
[Site "Budapest HUN"]
[Date "2003.09.22"]
[Round "2"]
[White "Ignacz,M"]
[Black "Medvegy,N"]
[Result "0-1"]
[WhiteElo "2191"]
[BlackElo "2354"]

1.d4 Nf6 2.c4 e6 3.Nf3 b6 4.g3 Ba6 5.Nbd2 Bb4 6.Qc2 Bb7 7.Bg2 c5 8.O-O cxd4
9.Nxd4 Bxg2 10.Kxg2 Be7 11.Ne4 O-O 12.Rd1 Qc8 13.Kg1 Nc6 14.Nb5 Na5 15.Nbd6 Qc6
16.Nxf6+ Bxf6 17.Qe4 Rfd8 18.Qf4 Nb7 19.Nxb7 Qxb7 20.Rb1 Qa6 21.a3 d5 22.cxd5 Qxe2
23.Be3 Rxd5 24.Re1 Qd3 25.Qa4 b5 26.Qa6 Rd6 27.Qb7 Qd5 28.Qc7 Rc6 29.Qb7 Rd6
30.Qc7 Rd7 31.Qc2 Rad8 32.Qe2 h6 33.Rbc1 Qb3 34.Rc2 a6 35.Rec1 Rd3 36.Bb6 R8d7
37.Be3 Kh7 38.Bf4 Qd5 39.Be3 Qb3 40.Bf4 Qd5 41.Be3 g6 42.Bf4 Kg7 43.h3 Rd1+
44.Rxd1 Qxd1+ 45.Qxd1 Rxd1+ 46.Kg2 Rb1 47.b4 Rb3 48.Bc1 Rc3 49.Rxc3 Bxc3
50.Kf3 h5 51.g4 f5 52.gxh5 gxh5 53.Kf4 Kg6 54.Kg3 e5 55.Kf3 Bd4 56.Ke2 Kf6
57.f3 Ke6 58.Kd2 Kd5 59.Kd3 Bg1 60.Bb2 e4+  0-1

[Event "zt 2.4"]
[Site "Sao Paulo BRA"]
[Date "2003.09.22"]
[Round "4"]
[White "Ramos,Er"]
[Black "Leitao,R"]
[Result "0-1"]
[WhiteElo "2277"]
[BlackElo "2550"]

1.d4 Nf6 2.c4 e6 3.Nf3 b6 4.g3 Ba6 5.b3 Bb4+ 6.Bd2 Be7 7.Bg2 d5 8.O-O O-O
9.Nc3 Bb7 10.cxd5 exd5 11.Rc1 Na6 12.e3 c5 13.Ne5 Nc7 14.Na4 Ne6 15.Bc3 Rc8
16.Bb2 Re8 17.Qd3 a6 18.Qf5 Bf8 19.dxc5 bxc5 20.Nc4 Ne4 21.Rfd1 g6 22.Qf3 Qe7
23.Na5 Rcd8 24.Qe2 Qc7 25.Nxb7 Qxb7 26.Qc2 f5 27.f3 Nd6 28.Bf6 Rd7 29.Rd2 Rc8
30.Rcd1 d4 31.Qd3 c4 32.Qe2 d3 33.Qf1 Bh6 34.f4 Ne4 35.bxc4 Qb4 36.Bxe4 fxe4
37.Nb2 Rf8 38.Be5 Ng5 39.Nxd3 exd3 40.Rxd3 Rxd3 41.Qxd3 Nf3+ 42.Kh1 Nxe5
43.fxe5 Qe7 44.Qe4 Re8 45.Rd5 Qf7 46.Kg2 Rf8 47.Kh3 Qf1+ 48.Kg4 Qe2+ 49.Kh3 Rf2
50.Rd8+ Bf8 51.Rxf8+ Kxf8  0-1

[Event "1st ch-Mediterranean w"]
[Site "Beruit LIB"]
[Date "2003.09.27"]
[Round "2"]
[White "Topel,Z"]
[Black "Collas,S"]
[Result "0-1"]
[WhiteElo "2045"]
[BlackElo "2352"]

1.d4 Nf6 2.Nf3 e6 3.c4 b6 4.g3 Ba6 5.Nbd2 Bb7 6.Bg2 c5 7.e4 cxd4 8.O-O d6
9.Nxd4 Qd7 10.Re1 Be7 11.N2b3 a6 12.f3 O-O 13.Be3 Rc8 14.Rc1 Qd8 15.Bf2 Nbd7
16.Qe2 Nc5 17.Nd2 Bf8 18.Red1 Qe8 19.b3 b5 20.f4 e5 21.Nc2 bxc4 22.bxc4 Rab8
23.f5 Ba8 24.Bxc5 Rxc5 25.Nb3 Rcc8 26.Ne1 Rb4 27.Rc3 Qe7 28.Rdc1 Qa7+ 29.Kh1 a5
30.Nd3 Rbb8 31.c5 a4 32.Nd2 dxc5 33.Nxe5 Rb2 34.R3c2 Rxc2 35.Rxc2 Re8 36.Nec4 Nd5
37.Qg4 Nb4 38.Rc3 Nxa2 39.Ra3 Nb4 40.Qd1 Bc6 41.e5 Ra8 42.Bxc6 Nxc6 43.Qf3 Nd4
44.Qe4 Re8 45.Kg1 Qa6 46.Qd5 Nc2 47.Rc3 Nb4 48.Qd7 Re7 49.Qd6 Qa7 50.Qd8 Rd7
51.Qe8 Rd3 52.Rxd3 Nxd3 53.e6 fxe6 54.fxe6 Qe7 55.Qd7 Nb4 56.Ne4 Qxd7 57.exd7 Nc6
58.Nc3 Nd8 59.Nxa4 Kf7 60.Kf2 Ke6 61.Nab6 Bd6 62.Ke2 Bc7 63.Kd3 Nf7 64.Na4 Kd5
65.Nc3+ Kc6 66.Ne4 Nd8 67.Ne3 Nb7 68.Kc4 Bd8 69.g4 g6 70.h3 Be7 71.Nc2 Na5+
72.Kd3 Kxd7 73.Ne3 Ke6 74.Nd2 Ke5 75.Ndc4+ Nxc4 76.Kxc4 Bh4 77.Nd5 Bf2 78.Nc7 Kf4
79.Ne6+ Kg3 80.Ng5 h6 81.Ne4+ Kg2 82.Kd3 Bg1 83.h4 Kf3 84.Nf6 Bd4 85.g5 h5
86.Nd7 Kg4 87.Nf8 Kxh4 88.Nxg6+ Kxg5 89.Nf8 Kg4 90.Ne6 h4 91.Ke2 Kg3 92.Kf1 h3
93.Ng5 h2 94.Ne4+ Kf4  0-1

[Event "2nd League TCh-SCG"]
[Site "Belgrade SCG"]
[Date "2003.09.29"]
[Round "3"]
[White "Ilincic,Z"]
[Black "Marinkovic,Sl"]
[Result "1/2-1/2"]
[WhiteElo "2557"]
[BlackElo "2446"]

1.d4 Nf6 2.c4 e6 3.Nf3 b6 4.g3 Ba6 5.Qa4 Bb7 6.Bg2 c5 7.O-O cxd4 8.Nxd4 Bxg2
9.Kxg2 Qc8 10.Rd1 Be7 11.Nc3 O-O 12.f3 Qb7 13.Bg5 Rc8 14.e4 h6 15.Be3 d6
16.Ndb5 Ne8 17.Bf4 Rc6 18.Nd4 Rc8 19.Ndb5 Rc6 20.Nd4  1/2-1/2

[Event "FSGM October"]
[Site "Budapest HUN"]
[Date "2003.10.04"]
[Round "1"]
[White "Bui Vinh"]
[Black "Berczes,D"]
[Result "1-0"]
[WhiteElo "2463"]
[BlackElo "2323"]

1.d4 Nf6 2.c4 e6 3.Nf3 b6 4.g3 Ba6 5.Qa4 Bb7 6.Bg2 c5 7.dxc5 Bxc5 8.O-O O-O
9.Nc3 Be7 10.Rd1 Na6 11.Bf4 Qc8 12.Rac1 Nc5 13.Qc2 Nce4 14.Nxe4 Bxe4 15.Qd2 Qb7
16.Bd6 Bxd6 17.Qxd6 Rac8 18.b3 Rfd8 19.Ne1 Bxg2 20.Nxg2 Qb8 21.Qxb8 Rxb8
22.Ne3 Rbc8 23.f3 Kf8 24.Kf2 Ke7 25.Rc2 d5 26.Rdc1 Rd7 27.cxd5 Rxc2 28.Rxc2 Nxd5
29.Rc8 Nxe3 30.Kxe3 Rd8 31.Rc1 Rd5 32.Rc7+ Rd7 33.Rc8 Rd8 34.Rc4 Rd5 35.Rh4 h6
36.Rg4 Kf6 37.Rf4+ Ke7 38.Ra4 a5 39.Rc4 Kd7 40.Rg4 g5 41.Rc4 Rd1 42.Rd4+ Rxd4
43.Kxd4 Kd6 44.f4 gxf4 45.gxf4 f6 46.Kc4 Kc6 47.a4 Kd6 48.Kd4 Kc6 49.Kc4 Kd6
50.Kb5 Kc7 51.e4 Kb7 52.b4 axb4 53.Kxb4 Kc6 54.Kc4 Kd6 55.Kb5 Kc7 56.Kc4 Kd6
57.Kd4 e5+ 58.fxe5+ fxe5+ 59.Kc4 Kc6 60.Kb4 Kd6 61.Kb5 Kc7 62.a5 bxa5 63.Kxa5 Kc6
64.Kb4 Kb6 65.Kc4 Kc6 66.h3 Kd6 67.Kb5 Ke6 68.Kc6 Kf6 69.Kd6 Kf7 70.Kxe5 Ke7
71.Kf5 Kf7 72.h4  1-0

[Event "Open"]
[Site "Winterthur SUI"]
[Date "2003.10.04"]
[Round "2"]
[White "Remensberger,P"]
[Black "Baer,S"]
[Result "0-1"]
[WhiteElo "2077"]
[BlackElo "2103"]

1.d4 Nf6 2.c4 e6 3.Nf3 b6 4.g3 Ba6 5.Qc2 Bb7 6.Nc3 Bb4 7.Bd2 d5 8.cxd5 Bxc3
9.Bxc3 Bxd5 10.Bg2 O-O 11.O-O Nbd7 12.Rfd1 Rc8 13.Ne5 Bxg2 14.Kxg2 c5 15.dxc5 Rxc5
16.Nxd7 Nxd7 17.Qa4 Rc7 18.Be5 Qa8+ 19.f3 Nxe5 20.Qf4 f6 21.Rd2 Rd8 22.Rad1 Rxd2
23.Rxd2 Qc8 24.Qa4 Nc4 25.Rd4 e5 26.Rh4 Nxb2 27.Qe4 g6 28.Qd5+ Kg7 29.Qd2 Nc4
30.Qh6+ Kg8 31.Re4 b5 32.g4 Qa6 33.h4 Qxa2 34.h5 Qd2 35.f4 Qd5  0-1

[Event "Osen II"]
[Site "Alushta UKR"]
[Date "2003.10.06"]
[Round "14"]
[White "Shtyrenkov,V"]
[Black "Alexandrova,O"]
[Result "1/2-1/2"]
[WhiteElo "2514"]
[BlackElo "2437"]

1.d4 Nf6 2.c4 e6 3.Nf3 b6 4.g3 Ba6 5.Qa4 Bb7 6.Bg2 c5 7.dxc5 Bxc5 8.O-O O-O
9.Nc3 Be7 10.Qc2 d6 11.Rd1 a6 12.Ng5 Bxg2 13.Kxg2 Qc7 14.Nce4 Nxe4 15.Qxe4 Qc6
16.Bf4 Rd8 17.Qxc6 Nxc6 18.Ne4 Ne5 19.b3 h6 20.Rd2 f5 21.Nc3 Bf6 22.Rad1 Nxc4
23.bxc4 Bxc3 24.Rxd6 Bf6 25.Be3 Rxd6 26.Rxd6 b5 27.c5 Kf7 28.c6 Rc8 29.Bb6 Be7
30.Rd7 Ke8 31.Rc7 Rxc7 32.Bxc7 Bd8 33.Bd6 Bb6  1/2-1/2

[Event "YM"]
[Site "Zug SUI"]
[Date "2003.10.07"]
[Round "1"]
[White "Moor,O"]
[Black "Rau,H"]
[Result "1/2-1/2"]
[WhiteElo "2352"]
[BlackElo "2372"]

1.d4 Nf6 2.c4 e6 3.Nf3 b6 4.g3 Ba6 5.Qb3 Nc6 6.Nbd2 Na5 7.Qc3 c5 8.dxc5 bxc5
9.e4 d6 10.a3 Bb7 11.b4 cxb4 12.axb4 Nc6 13.Bg2 Be7 14.O-O O-O 15.Bb2 a6
16.Nd4 Qb6 17.Nxc6 Bxc6 18.Nb3 Rab8 19.Na5 Ba8 20.Ra4 Rfc8 21.Qd3 Bf8 22.Bd4 Qc7
23.Rfa1 Nd7 24.Bf1 Rd8 25.Qe3 Nb6 26.R4a2 Nd7 27.Bc3 d5 28.exd5 exd5 29.c5 d4
30.Qxd4 Nxc5 31.Qe5 Qxe5 32.Bxe5 Rxb4 33.Bc3 Rb6 34.Nc4 Re6 35.Ne3 Bb7 36.Rb2 Be4
37.Bc4 Rc6 38.Ba5 Rdc8 39.Rb6 Nd7 40.Rxc6 Rxc6 41.Rd1 Ne5 42.Bd5 Bxd5 43.Nxd5 f6
44.Bb4 Kf7 45.Ra1 Bc5 46.Kf1 Nd3 47.Ba3 Ke6 48.Bxc5 Rxc5 49.Nf4+ Nxf4 50.Rxa6+ Kf5
51.gxf4 Kxf4 52.Kg2 Rg5+ 53.Kf1 Kg4 54.Ra3 Kh4 55.Rb3 Rg4 56.Ra3 h5 57.Rb3 g5
58.Rf3 Rf4 59.Rxf4+ gxf4 60.f3 Kg5 61.Ke2 Kf5 62.Kd3 Kg5 63.Ke2 f5 64.Kf1 Kf6
65.Ke2 Ke5 66.Kd3 Kd5 67.h4  1/2-1/2

[Event "zt 3.1a"]
[Site "Dubai UAE"]
[Date "2003.10.09"]
[Round "5"]
[White "Khairallah,F"]
[Black "Mahjoob,M"]
[Result "0-1"]
[WhiteElo "2259"]
[BlackElo "2408"]

1.d4 Nf6 2.Nf3 e6 3.c4 b6 4.g3 Ba6 5.b3 Bb4+ 6.Bd2 Be7 7.Bg2 c6 8.O-O d5
9.Bc3 Nbd7 10.Nbd2 O-O 11.Re1 c5 12.cxd5 Nxd5 13.Bb2 Rc8 14.a3 b5 15.e4 N5f6
16.a4 b4 17.Rc1 cxd4 18.Nxd4 Nc5 19.Nc4 Nxa4 20.Ba1 Nc3 21.Bxc3 bxc3 22.Re3 Bxc4
23.bxc4 Rxc4 24.Rd3 Qa5 25.Ra1 Qb6 26.Nc2 Nxe4 27.Qe2 Nf6 28.h3 Rcc8 29.Kh2 a5
30.f4 Rfd8 31.f5 exf5 32.Rxd8+ Qxd8 33.Rd1 Qc7 34.Nd4 f4 35.Kh1 fxg3 36.Nc6 Bb4
37.Rd4 Re8 38.Qf1 c2 39.Nxb4 c1=Q  0-1